000 00353nam a2200145Ia 4500
008 150201s1998 xx 000 0 und d
082 _a617.52
_bS1998G
100 _aGAQNGANAYARAN
245 _aSURGERY FOR DENTAL STUDENTS & PRACTITIONERS
250 _a1ST
260 _bAIPD
_aCHENNAI
_c1998
300 _a1-171
650 _aSURGERY
942 _2ddc
_cBK
999 _c2702
_d2702